000 00901nam a2200253u 4500
005 20090923142817.0
008 820513s1921 nyu 000 0 eng
010 _aENG-95032
020 _a8189576178
_c200.00
035 _aEN-78565
037 _bDBAD / PUB
040 _adpl
_bEnglish
082 _a154.634
100 _aFreud, Sigmund
240 _aTraumdeutung. English [from old catalog]
245 _aDream psychology:
_bpsychoanalysis for beginners /
_cby Sigmund Freud
260 _aHapur
_bKalpataru Prakashan
_c2009
270 _a64, Revti Kunu,
_bHapur
_e245101
300 _a135p.
_c22cm(pbk)
650 _aDreams.
650 _aPsychoanalysis.
942 _2ddc
_cEN
_mFRE
_h154.634
999 _c30618
_d30618